000 00423nam a2200169Ia 4500
003 GCL
008 140319s9999 xx 000 0 eng d
040 _aGCL /
_cGCL
082 0 4 _a809
_bL E
100 1 _aLEWIS, C.S.
245 1 0 _aAN EXPERIMENT IN CRITICISM /
_cLEWIS, C.S.
260 _a[S.N] :
_bCAMBRIBGE UNIVERSITY PRESS ،
_c1992
300 _a142 P
650 0 4 _aHISTORY
650 0 4 _aCRITICISM
942 _2ddc
_cBK
999 _c24967
_d24967